| 000 | 006430000a22002170004500 | ||
|---|---|---|---|
| 090 |
_aAR _b03171 |
||
| 245 | 1 | 0 | _aNew genus and three new species in the memecyleae (<Melastomataceae>) |
| 650 | 1 | 4 |
_aVegetación _992799 |
| 650 | 1 | 4 |
_aBotánica _9361 |
| 650 | 1 | 4 |
_aNuevas especies _992905 |
| 650 | 1 | 4 |
_aTaxonomía vegetal _992262 |
| 650 | 1 | 4 |
_aMorfología vegetal _918295 |
| 650 | 1 | 4 |
_aDistribución geográfica _992997 |
| 653 | _gCoryphadenia | ||
| 653 | _gMemecyleae | ||
| 653 | _gMouriri | ||
| 041 | 0 | _aInglés | |
| 100 | 1 |
_aMorley, Thomas _996757 |
|
| 942 | _cARTICULO | ||
| 773 | 1 |
_tAmerican Journal of Botany _3456 _h4 _q248-255 _d1953 _g40 |
|
| 999 |
_c12226 _d12226 |
||